El Movimiento neoconservador y la política exterior nortemaricana /

Na minha lista:
Detalhes bibliográficos
Autor principal: Ferris, Elizabeth G.
Formato: Texto
Assuntos:
Tags: Adicionar Tag
Sem tags, seja o primeiro a adicionar uma tag!

MARC

LEADER 00000 a a2200000 04500
001 16443
003
040
100 |a Ferris, Elizabeth G.  
245 |a El Movimiento neoconservador y la política exterior nortemaricana /  |c Elizabeth G. Ferris 
650 |a IDEOLOGIAS POLITICAS  
650 |a EXTREMISMO  
650 |a CONSERVADURISMO  
650 |a LIBERALISMO ECONOMICO  
773 |g número 104 -105: nueva é; páginas 187-208  
999 |c 33326  |d 33326